000 005380000a22001810004500
041 0 _aENG
082 0 4 _aG 232.901 F242t
100 1 _aFarrar, F. W. (Frederic William) (1831–1903)
245 1 0 _aThe life of lives : Further studies in the life of Christ / F. W. Farrar
260 _aCleveland, Ohio, USA : F.M. Barton
300 _aXVI, 444 Pag
650 1 4 _aJESUCRISTO - BIOGRAFIAS
001 4052
942 _cBK
999 _c34667
_d34667
336 _atexto
_btxt
_2rdacontent
337 _2rdamedia
_asin mediación
_bn
338 _2rdacarrier
_avolumen
_bnc